Elenca la formazione - Quiz n°173 - Statistics

Statistiche generali
  • Questo quiz è stato fatto 89 volte
  • Il punteggio medio è 10 su 11
Statistiche sulle risposte
Ruolo Nazione Calciatore % Corretto
Difensore Brasile Alex Sandro
99%
Difensore Brasile Danilo
99%
Attaccante Serbia Dušan Vlahović
99%
Difensore Paesi Bassi Matthijs de Ligt
99%
Centrocampista Colombia Juan Cuadrado
98%
Portiere Italia Mattia Perin
98%
Attaccante Argentina Paulo Dybala
96%
Difensore Italia Giorgio Chiellini
94%
Centrocampista Francia Adrien Rabiot
86%
Centrocampista Svizzera Denis Zakaria
75%
Centrocampista Italia Federico Bernardeschi
42%
Nessun quiz corrispondente trovato
Distribuzione punteggi
Percentuale di utenti per punteggio
Percentile per numero di risposta
I tuoi punteggi nel tempo
Non hai fatto questo quiz